[Event "Taujenai-ch rapid"]
[Site "Taujenai"]
[Date "2023.10.28"]
[Round "4"]
[White "Mickevicius, Juras"]
[Black "Maziukas, Kasparas"]
[Result "1-0"]
[WhiteElo "2282"]
[BlackElo "1940"]
[PlyCount "72"]
[EventDate "2023.10.28"]
[EventType "swiss (rapid)"]
[EventRounds "10"]
[EventCountry "LTU"]
[SourceTitle "Mega2024 Update 01"]
[Source "Chessbase"]
[SourceDate "2023.11.12"]
[SourceVersion "1"]
[SourceVersionDate "2023.11.12"]
[SourceQuality "1"]

1. d4 Nf6 2. c4 e6 3. g3 Bb4+ 4. Bd2 Be7 5. Bg2 d5 6. Nf3 0-0 7. 0-0 c6 8. Qc2 Nbd7 9. Bf4 Ne4 10. Nfd2 Nxd2 11. Nxd2 g5 12. Be3 f5 13. f3 Qe8 14. Bf2 f4 15. e4 Qg6 16. Qb3 Nf6 17. Rae1 Bd8 18. Qc3 h5 19. gxf4 g4 20. Kh1 h4 21. fxg4 Nxg4 22. Bg1 Qh6 23. Qf3 e5 24. f5 Nf6 25. Be3 dxe4 26. Nxe4 Qh7 27. Ng5 Qc7 28. Ne6 Bxe6 29. fxe6 exd4 30. Bxd4 Qd6 31. Qd3 Bc7 32. Qg6+ Kh8 33. Bxf6+ Rxf6 34. Qxf6+ Kg8 35. Qg5+ Kh8 36. Qxh4+ Kg8 1-0

[Event "Riga Tech Rapid op"]
[Site "Riga"]
[Date "2023.08.06"]
[Round "4"]
[White "Pultinevicius, Paulius"]
[Black "Mickevicius, Juras"]
[Result "1-0"]
[WhiteElo "2525"]
[BlackElo "2274"]
[PlyCount "59"]
[EventDate "2023.08.06"]
[EventType "swiss (rapid)"]
[EventRounds "9"]
[EventCountry "LAT"]
[SourceTitle "CBM 215 Extra"]
[Source "ChessBase"]
[SourceDate "2023.09.30"]
[SourceVersion "1"]
[SourceVersionDate "2023.09.30"]
[SourceQuality "1"]

1. d4 Nf6 2. Nf3 e6 3. e3 b6 4. Nbd2 Bb7 5. Bd3 d5 6. 0-0 c5 7. b3 Nc6 8. Bb2 Bd6 9. Ne5 Qc7 10. f4 Ne7 11. Bb5+ Nc6 12. a3 a6 13. Bd3 Ne7 14. Qe2 0-0 15. dxc5 bxc5 16. c4 Ng6 17. Nxg6 fxg6 18. Rac1 e5 19. fxe5 Bxe5 20. Bxe5 Qxe5 21. cxd5 Nxd5 22. Rxc5 Qe7 23. b4 Nxe3 24. Re1 Rae8 25. Nc4 Qh4 26. Nxe3 Re7 27. Bc4+ Kh8 28. Bd5 Bc8 29. Rc4 Qg5 30. Re4 1-0

[Event "Vilnius Elite op"]
[Site "Vilnius"]
[Date "2023.07.08"]
[Round "7"]
[White "Stremavicius, Pijus"]
[Black "Mickevicius, Juras"]
[Result "1/2-1/2"]
[WhiteElo "2401"]
[BlackElo "2266"]
[PlyCount "37"]
[EventDate "2023.07.05"]
[EventType "swiss"]
[EventRounds "8"]
[EventCountry "LTU"]
[SourceTitle "CBM 215 Extra"]
[Source "ChessBase"]
[SourceDate "2023.09.30"]
[SourceVersion "1"]
[SourceVersionDate "2023.09.30"]
[SourceQuality "1"]

1. b3 e5 2. Bb2 Nc6 3. c4 Nf6 4. e3 d5 5. cxd5 Nxd5 6. a3 Bd6 7. Qc2 0-0 8. Nf3 Qe7 9. Nc3 Nxc3 10. Qxc3 a6 11. Be2 Be6 12. 0-0 f6 13. d3 Qf7 14. Nd2 Ne7 15. Nc4 Nd5 16. Qc2 b5 17. Nd2 c5 18. Ne4 Be7 19. Bf3 1/2-1/2

[Event "Vilnius Elite op"]
[Site "Vilnius"]
[Date "2023.07.06"]
[Round "2"]
[White "Hart, Alexander E"]
[Black "Mickevicius, Juras"]
[Result "0-1"]
[WhiteElo "1989"]
[BlackElo "2266"]
[PlyCount "78"]
[EventDate "2023.07.05"]
[EventType "swiss"]
[EventRounds "8"]
[EventCountry "LTU"]
[SourceTitle "CBM 215 Extra"]
[Source "ChessBase"]
[SourceDate "2023.09.30"]
[SourceVersion "1"]
[SourceVersionDate "2023.09.30"]
[SourceQuality "1"]

1. d4 e6 2. c4 Nf6 3. Nc3 Bb4 4. a3 Bxc3+ 5. bxc3 c5 6. e3 b6 7. f3 d5 8. cxd5 exd5 9. Bd3 0-0 10. Ne2 Ba6 11. 0-0 Re8 12. Ng3 Qd7 13. Bf5 Qc7 14. Rf2 g6 15. Bc2 h5 16. Bd2 Nc6 17. Qb1 h4 18. Nh1 Rac8 19. Ba4 Re6 20. g4 Na5 21. Bb5 Bxb5 22. Qxb5 Nc4 23. Re1 Rce8 24. Bc1 Nxe3 25. g5 Nd7 26. Rfe2 cxd4 27. cxd4 Nf5 28. Bb2 Rxe2 29. Rxe2 Rxe2 30. Qxe2 Qf4 31. Qe8+ Nf8 32. Bc3 a5 33. Nf2 Qxf3 34. Bd2 h3 35. Kf1 Qg2+ 36. Ke2 Nxd4+ 37. Ke3 Nde6 38. Ke2 Qxh2 39. Ke3 Qe5+ 0-1

[Event "LTU-ch Rapid"]
[Site "Taujenai"]
[Date "2022.12.03"]
[Round "4"]
[White "Mickevicius, Juras"]
[Black "Pidluznij, Gleb"]
[Result "1/2-1/2"]
[WhiteElo "2253"]
[BlackElo "2123"]
[PlyCount "171"]
[EventDate "2022.12.03"]
[EventType "swiss (rapid)"]
[EventRounds "10"]
[EventCountry "LTU"]
[SourceTitle "CBM 211 Extra"]
[Source "ChessBase"]
[SourceDate "2023.01.31"]
[SourceVersion "1"]
[SourceVersionDate "2023.01.31"]
[SourceQuality "1"]

1. d4 Nf6 2. c4 e6 3. Nc3 d5 4. cxd5 exd5 5. Bg5 c6 6. e3 h6 7. Bh4 Be7 8. Bd3 0-0 9. Qc2 Ne8 10. Bg3 Be6 11. Nge2 Bd6 12. 0-0 Bxg3 13. Nxg3 Nd7 14. Rae1 Nd6 15. Kh1 Rc8 16. f3 c5 17. Qf2 cxd4 18. exd4 Re8 19. Nge2 Bf5 20. Nf4 Rxe1 21. Rxe1 Bxd3 22. Nxd3 Nf6 23. h3 Rc7 24. Ne5 Re7 25. Rd1 Re6 26. g4 Nc8 27. Qc2 Ne7 28. Rd2 Nd7 29. f4 f6 30. f5 Rd6 31. Nd3 Nb6 32. Nf4 Nc6 33. Qd3 Rd7 34. Ne6 Qb8 35. Re2 Re7 36. Kg2 Qd6 37. a3 a6 38. Qg3 Qd7 39. Qf4 Nd8 40. Nc5 Rxe2+ 41. Nxe2 Qe7 42. Kf2 Nc6 43. Nc3 Kh7 44. b3 Qd8 45. Nxb7 Qe7 46. Nc5 a5 47. Nb5 Nc8 48. Qe3 Qf8 49. Nd7 Qd8 50. Qe6 N8e7 51. a4 Nb4 52. Qd6 Qe8 53. Nc7 Qf7 54. Qe6 Kg8 55. Qxf7+ Kxf7 56. Nb5 Nec6 57. Nc5 Nc2 58. Ne6 Na1 59. Ke3 Nxb3 60. Nc3 Nb4 61. Nb5 g5 62. Nc5 Nc2+ 63. Kd3 Ncxd4 64. Nxb3 Nxb3 65. Nc3 d4 66. Nb5 Nc5+ 67. Kxd4 Nxa4 68. Nd6+ Ke7 69. Nc4 Kd7 70. Nxa5 Nb2 71. Ke3 Nd1+ 72. Kf3 Nc3 73. Nb3 Nd5 74. Nc5+ Kd6 75. Ne6 Nc7 76. Ng7 Nd5 77. Ke4 Nc3+ 78. Kf3 Nd5 79. Ne6 Nc7 80. Nd8 Ke7 81. Nb7 Nd5 82. Ke4 Nc3+ 83. Ke3 Nd5+ 84. Kf3 Kd7 85. Nc5+ Kd6 86. Ne6 1/2-1/2

[Event "LTU-ch Rapid"]
[Site "Taujenai"]
[Date "2022.12.03"]
[Round "5"]
[White "Simonis, Karolis"]
[Black "Mickevicius, Juras"]
[Result "0-1"]
[WhiteElo "1975"]
[BlackElo "2253"]
[PlyCount "100"]
[EventDate "2022.12.03"]
[EventType "swiss (rapid)"]
[EventRounds "10"]
[EventCountry "LTU"]
[SourceTitle "CBM 211 Extra"]
[Source "ChessBase"]
[SourceDate "2023.01.31"]
[SourceVersion "1"]
[SourceVersionDate "2023.01.31"]
[SourceQuality "1"]

1. e4 e6 2. Nc3 d5 3. g3 dxe4 4. Nxe4 Nd7 5. Bg2 Be7 6. Ne2 Rb8 7. 0-0 b6 8. N2c3 Bb7 9. d3 Ngf6 10. Qe2 0-0 11. Bf4 a6 12. Rfe1 Re8 13. Rad1 b5 14. Nxf6+ Nxf6 15. Bxb7 Rxb7 16. Ne4 c5 17. Nxf6+ Bxf6 18. Be5 Rd7 19. Bxf6 Qxf6 20. Qe5 Qe7 21. Re3 Red8 22. Rde1 h6 23. Qe4 Qd6 24. Qe5 Qc6 25. Qe4 Qb6 26. R3e2 Rd4 27. Qf3 c4 28. dxc4 bxc4 29. c3 Rd3 30. Qe4 Qb5 31. Kg2 a5 32. a3 a4 33. Kg1 g6 34. h4 h5 35. Kg2 R8d5 36. Qf4 Qc6 37. Qe4 Kg7 38. Kg1 Qc5 39. Kg2 Qb5 40. Qf4 Qc6 41. Qe4 f5 42. Qxe6 Rd6+ 43. Kg1 Rxe6 44. Rxe6 Qf3 45. R6e3 Rxe3 46. Rxe3 Qd1+ 47. Kg2 Qd2 48. Re7+ Kh6 49. Rc7 Qxb2 50. Rxc4 Qxa3 0-1

[Event "Riga Tech op 11th"]
[Site "Riga"]
[Date "2022.08.18"]
[Round "5"]
[White "Mickevicius, Juras"]
[Black "Tomaszewski, Kacper"]
[Result "1/2-1/2"]
[WhiteElo "2284"]
[BlackElo "2327"]
[PlyCount "70"]
[EventDate "2022.08.15"]
[EventType "swiss"]
[EventRounds "9"]
[EventCountry "LAT"]
[SourceTitle "CBM 209 Extra"]
[Source "ChessBase"]
[SourceDate "2022.09.30"]
[SourceVersion "1"]
[SourceVersionDate "2022.09.30"]
[SourceQuality "1"]

1. d4 Nf6 2. c4 e6 3. Nf3 d5 4. g3 Nc6 5. Bg2 Bd6 6. 0-0 0-0 7. Nbd2 Ne4 8. Qc2 f5 9. b3 Qe8 10. Bb2 b6 11. Ne5 Nb4 12. Qc1 Bb7 13. a3 Nc6 14. Nxc6 Bxc6 15. Nxe4 fxe4 16. f3 exf3 17. exf3 Rf6 18. Qd2 Rh6 19. f4 Qh5 20. Bf3 Qf5 21. Rac1 Rf8 22. Qe2 Be8 23. Bg4 Bh5 24. Bxf5 Bxe2 25. Rfe1 Rxf5 26. Rxe2 dxc4 27. bxc4 Kf7 28. Rec2 Rg6 29. Kf2 c5 30. dxc5 Rxc5 31. Bd4 Ra5 32. c5 Bxc5 33. Bxc5 bxc5 34. Rxc5 Rxa3 35. R1c3 Ra2+ 1/2-1/2

[Event "Riga Tech Rapid op"]
[Site "Riga"]
[Date "2022.08.14"]
[Round "8"]
[White "Mickevicius, Juras"]
[Black "Blomqvist, Erik"]
[Result "1-0"]
[WhiteElo "2284"]
[BlackElo "2522"]
[PlyCount "76"]
[EventDate "2022.08.14"]
[EventType "swiss (rapid)"]
[EventRounds "9"]
[EventCountry "LAT"]
[SourceTitle "CBM 209 Extra"]
[Source "ChessBase"]
[SourceDate "2022.09.30"]
[SourceVersion "1"]
[SourceVersionDate "2022.09.30"]
[SourceQuality "1"]

1. d4 Nf6 2. c4 e6 3. g3 Bb4+ 4. Bd2 a5 5. Bg2 d5 6. Nf3 0-0 7. 0-0 Be7 8. Qc2 c6 9. b3 b6 10. Rd1 Nbd7 11. Bf4 Ba6 12. Ne5 Rc8 13. Nc3 Nxe5 14. dxe5 Nd7 15. e4 dxc4 16. Bf1 cxb3 17. axb3 Bxf1 18. Kxf1 Qc7 19. Rac1 Qb7 20. h4 Rfd8 21. h5 h6 22. Kg1 b5 23. Qe2 Qb8 24. Nd5 cxd5 25. exd5 Rxc1 26. Rxc1 Ba3 27. Ra1 Bb4 28. d6 Rc8 29. Bxh6 Bc3 30. Qg4 Bxe5 31. Bxg7 f5 32. Qg5 Bxd6 33. Bf6+ Kf8 34. Qg7+ Ke8 35. Qg6+ Kf8 36. Qg7+ Ke8 37. Qg6+ Kf8 38. h6 Nxf6 1-0

[Event "Riga Tech Rapid op"]
[Site "Riga"]
[Date "2022.08.14"]
[Round "1"]
[White "Mickevicius, Juras"]
[Black "Machevskis, Edmunds"]
[Result "1-0"]
[WhiteElo "2284"]
[BlackElo "1742"]
[PlyCount "57"]
[EventDate "2022.08.14"]
[EventType "swiss (rapid)"]
[EventRounds "9"]
[EventCountry "LAT"]
[SourceTitle "CBM 209 Extra"]
[Source "ChessBase"]
[SourceDate "2022.09.30"]
[SourceVersion "1"]
[SourceVersionDate "2022.09.30"]
[SourceQuality "1"]

1. d4 f5 2. Nf3 Nf6 3. g3 e6 4. Bg2 Be7 5. 0-0 0-0 6. c4 Nc6 7. Nc3 Ne4 8. Qc2 Nxc3 9. Qxc3 Bf6 10. b3 d6 11. Ba3 Re8 12. Rad1 Ne7 13. Qc2 Bd7 14. e4 g6 15. Rfe1 Rb8 16. e5 dxe5 17. Nxe5 b5 18. Bc5 a6 19. Qe2 Qc8 20. Nxd7 Qxd7 21. Qxe6+ Qxe6 22. Rxe6 Kf7 23. Rxa6 bxc4 24. bxc4 Nc8 25. Rc6 Bd8 26. a4 Re2 27. Bd5+ Ke8 28. Re6+ Rxe6 29. Bxe6 1-0

[Event "Riga Tech Rapid op"]
[Site "Riga"]
[Date "2022.08.14"]
[Round "7"]
[White "Mickevicius, Juras"]
[Black "Rychagov, Nikita1111"]
[Result "1-0"]
[WhiteElo "2284"]
[BlackElo "2116"]
[PlyCount "71"]
[EventDate "2022.08.14"]
[EventType "swiss (rapid)"]
[EventRounds "9"]
[EventCountry "LAT"]
[SourceTitle "CBM 209 Extra"]
[Source "ChessBase"]
[SourceDate "2022.09.30"]
[SourceVersion "1"]
[SourceVersionDate "2022.09.30"]
[SourceQuality "1"]

1. d4 d5 2. c4 e6 3. Nf3 Nf6 4. g3 dxc4 5. Bg2 c5 6. 0-0 Nc6 7. Qa4 Bd7 8. Qxc4 b5 9. Qd3 c4 10. Qc2 Be7 11. e4 0-0 12. Qe2 Rc8 13. Rd1 Re8 14. Ne5 Qc7 15. Bf4 Qb7 16. a4 a6 17. axb5 axb5 18. Nc3 Red8 19. Nxc6 Bxc6 20. d5 Be8 21. d6 Bf8 22. e5 Nd5 23. Nxd5 exd5 24. Bxd5 Bc6 25. Bxc6 Rxc6 26. Be3 b4 27. Ra7 Qb5 28. Qh5 c3 29. Qxf7+ Kh8 30. bxc3 bxc3 31. Qf4 c2 32. Rc1 Qd5 33. h4 h6 34. Kh2 Rc4 35. Qf7 Qxe5 36. Qxc4 1-0

[Event "Riga Tech Rapid op"]
[Site "Riga"]
[Date "2022.08.14"]
[Round "2"]
[White "Tenis, Girts"]
[Black "Mickevicius, Juras"]
[Result "0-1"]
[WhiteElo "1962"]
[BlackElo "2284"]
[PlyCount "62"]
[EventDate "2022.08.14"]
[EventType "swiss (rapid)"]
[EventRounds "9"]
[EventCountry "LAT"]
[SourceTitle "CBM 209 Extra"]
[Source "ChessBase"]
[SourceDate "2022.09.30"]
[SourceVersion "1"]
[SourceVersionDate "2022.09.30"]
[SourceQuality "1"]

1. d4 Nf6 2. Nf3 e6 3. c4 d5 4. g3 Be7 5. Bg2 0-0 6. 0-0 c6 7. a4 a5 8. b3 b6 9. Bb2 Na6 10. Nbd2 Nb4 11. Ne5 Ba6 12. Nd3 Rc8 13. Nxb4 Bxb4 14. Rc1 Qe7 15. Nf3 Rfd8 16. Ne5 Nd7 17. Nd3 Bd6 18. Re1 dxc4 19. bxc4 c5 20. e3 cxd4 21. exd4 Bxc4 22. d5 Qf8 23. Nf4 Bxf4 24. gxf4 Nb8 25. Qd4 exd5 26. f5 Nc6 27. Qh4 Nb4 28. Re3 Nd3 29. Rh3 h6 30. Qxh6 gxh6 31. Rg3+ Kh7 0-1

[Event "LTU-ch sf"]
[Site "Vilnius"]
[Date "2022.04.10"]
[Round "4"]
[White "Mickevicius, Juras"]
[Black "Leclere, Daniel"]
[Result "1-0"]
[WhiteElo "2306"]
[BlackElo "1730"]
[PlyCount "49"]
[EventDate "2022.04.08"]
[EventType "swiss"]
[EventRounds "9"]
[EventCountry "LTU"]
[SourceTitle "CBM 207 Extra"]
[Source "ChessBase"]
[SourceDate "2022.05.31"]
[SourceVersion "1"]
[SourceVersionDate "2022.05.31"]
[SourceQuality "1"]

1. d4 d5 2. c4 dxc4 3. Nf3 b5 4. a4 c6 5. e3 Nd7 6. b3 bxa4 7. bxc4 Ngf6 8. Qxa4 Bb7 9. Ba3 e6 10. Bxf8 Nxf8 11. Nbd2 N8d7 12. Nb3 0-0 13. Na5 Qc7 14. c5 Rab8 15. Bc4 e5 16. 0-0 e4 17. Nd2 Kh8 18. Rfb1 Ba8 19. Rxb8 Rxb8 20. Qc2 Ng4 21. g3 f5 22. Be6 g6 23. Nxe4 Nf8 24. Ng5 Rb5 25. Qc3 1-0

[Event "LTU-ch sf"]
[Site "Vilnius"]
[Date "2022.04.10"]
[Round "5"]
[White "Tilvikas, Justas"]
[Black "Mickevicius, Juras"]
[Result "1/2-1/2"]
[WhiteElo "1959"]
[BlackElo "2306"]
[PlyCount "36"]
[EventDate "2022.04.08"]
[EventType "swiss"]
[EventRounds "9"]
[EventCountry "LTU"]
[SourceTitle "CBM 207 Extra"]
[Source "ChessBase"]
[SourceDate "2022.05.31"]
[SourceVersion "1"]
[SourceVersionDate "2022.05.31"]
[SourceQuality "1"]

1. d4 e6 2. c4 Nf6 3. Nf3 Bb4+ 4. Nbd2 d5 5. g3 dxc4 6. Qa4+ Nc6 7. a3 Bxd2+ 8. Bxd2 Qd5 9. Bc3 Bd7 10. Qc2 Ne4 11. Bg2 Nxc3 12. bxc3 Na5 13. 0-0 Bc6 14. Rfe1 Nb3 15. Rad1 0-0 16. e4 Qd6 17. Ne5 Na5 18. Nxc6 Nxc6 1/2-1/2

[Event "LTU-ch sf"]
[Site "Vilnius"]
[Date "2022.04.09"]
[Round "3"]
[White "Bagdanskis, Dangis"]
[Black "Mickevicius, Juras"]
[Result "1-0"]
[WhiteElo "1957"]
[BlackElo "2306"]
[PlyCount "135"]
[EventDate "2022.04.08"]
[EventType "swiss"]
[EventRounds "9"]
[EventCountry "LTU"]
[SourceTitle "CBM 207 Extra"]
[Source "ChessBase"]
[SourceDate "2022.05.31"]
[SourceVersion "1"]
[SourceVersionDate "2022.05.31"]
[SourceQuality "1"]

1. e4 e6 2. d4 d5 3. exd5 exd5 4. Bd3 Bd6 5. h3 Nc6 6. c3 Nf6 7. Ne2 0-0 8. Be3 b6 9. Nd2 Ne7 10. Bg5 Ng6 11. Qc2 c5 12. 0-0-0 c4 13. Bf5 h6 14. Be3 Bxf5 15. Qxf5 Nh4 16. Qc2 Re8 17. Rhg1 Qd7 18. g4 Ne4 19. Nxe4 Rxe4 20. Ng3 Bxg3 21. Rxg3 Rae8 22. Qd2 Qd6 23. Rf1 Ng6 24. Rf3 Nh4 25. Rg3 Qe7 26. Kb1 Ng6 27. Qc1 b5 28. Bd2 Nh4 29. a3 Qe6 30. Ka1 f5 31. Rfg1 Rf8 32. gxf5 Nxf5 33. Rg6 Rf6 34. R6g2 Qd6 35. Rg4 Rxg4 36. hxg4 Ne7 37. f4 Re6 38. Re1 Re4 39. Rxe4 dxe4 40. Qe1 Qd5 41. f5 Nc6 42. Qg3 a5 43. Qc7 Kf8 44. f6 gxf6 45. Bxh6+ Ke8 46. Qc8+ Nd8 47. Be3 Qd7 48. Qc5 Nf7 49. Qb6 a4 50. Ka2 Ke7 51. Qc5+ Ke6 52. Bf4 Qd5 53. Qc8+ Qd7 54. Qa8 f5 55. g5 Nd8 56. Qb8 Kf7 57. Be3 Ne6 58. Qe5 Ng7 59. Qf6+ Kg8 60. g6 Qe6 61. Qd8+ Qe8 62. Qd5+ Kh8 63. Qf7 Qxf7 64. gxf7 Ne6 65. Bh6 e3 66. d5 Nf8 67. Bxf8 e2 68. Bh6 1-0

[Event "LTU-chT"]
[Site "Lithuania"]
[Date "2022.03.13"]
[Round "4.4"]
[White "Mickevicius, Juras"]
[Black "Jankunas, Tomas"]
[Result "1-0"]
[WhiteElo "2283"]
[BlackElo "2138"]
[PlyCount "141"]
[EventDate "2022.03.11"]
[EventType "team-swiss"]
[EventRounds "7"]
[EventCountry "LTU"]
[SourceTitle "CBM 207 Extra"]
[Source "ChessBase"]
[SourceDate "2022.05.31"]
[SourceVersion "1"]
[SourceVersionDate "2022.05.31"]
[SourceQuality "1"]
[WhiteTeam "Vilnius LKSF"]
[BlackTeam "Kaunas Gambiteriai"]
[WhiteTeamCountry "LTU"]
[BlackTeamCountry "LTU"]

1. d4 Nf6 2. c4 g6 3. g3 Bg7 4. Bg2 0-0 5. Nf3 d6 6. Nc3 Nbd7 7. 0-0 e5 8. e4 c6 9. h3 Qb6 10. Re1 exd4 11. Nxd4 Re8 12. Nc2 Nc5 13. b4 Ne6 14. Be3 Qc7 15. Qd3 a5 16. a3 Nd7 17. f4 Qd8 18. Rac1 g5 19. Ne2 axb4 20. axb4 gxf4 21. gxf4 Qh4 22. Rf1 Nf6 23. Ne1 Nh5 24. f5 Ng5 25. Bf2 Nxh3+ 26. Qxh3 Qxh3 27. Bxh3 Rxe4 28. Ng3 Rh4 29. Bg2 Be5 30. Nf3 Nxg3 31. Bxg3 Bxg3 32. Nxh4 Bxh4 33. Ra1 Rxa1 34. Rxa1 Bxf5 35. Ra8+ Kg7 36. Rb8 Bd3 37. Rxb7 Bxc4 38. Bxc6 d5 39. Rd7 Be1 40. b5 Ba5 41. Kg2 Kf6 42. Ra7 Bd8 43. Kf3 Ke6 44. Be8 f6 45. Rxh7 Bb6 46. Rb7 Bg1 47. b6 Ba6 48. Rc7 Kd6 49. Ra7 Bc8 50. Rc7 Ba6 51. Ba4 Bd4 52. Kf4 Ke6 53. Ra7 Bc4 54. Rb7 Ba6 55. Bd7+ Kd6 56. Rc7 Bg1 57. Be8 Ke6 58. Kg3 Bd4 59. Kg2 Kd6 60. Kh1 f5 61. Ba4 f4 62. Ra7 Bd3 63. Rd7+ Ke6 64. b7 Be5 65. Rd8 f3 66. Re8+ Kf6 67. b8Q Bxb8 68. Rxb8 Ke5 69. Kg1 Be4 70. Kf2 Kd4 71. Bd1 1-0